01344nam a2200253 a 450000100100000000500170001000800410002702000180006804000250008608200150011110000450012624501480017126000370031930000280035650000470038450400280043150501970045959000260065670000310068295201280071395201130084195201190095499900170107300004795220201002060827.0180807s2018 dr a 000 0 spa d a9789945125658 aDO-SdBNPbspacBNPHU axxxxbxxxx1 aEspín Grullón, Rafael Antonio97494110aCiencias de la naturaleza :bfísica 6 /cRafael Antonio Espín Grullón ; revisión Manuel Ángel Suárez ; ilustraciones Billi J. Cena. aSanto Domingo :bSusaeta,c2018. a392 p. :bil. ;c29 cm. aEnfoque por competencias nuevo currículo aBibliografía : p. 3920 aMovimiento y fuerza --tConservación de la energía y de la cantidad de momento --tFluidos --tCalor y temperatura --tOndas --tElectricidad y magnetismo --tNociones de física moderna. aInventariado, 2018/LP1 aCena, Billi J.eil.975486 001054708DSaGRbGRcHDd2018-10-05iLF1l0oxxxx xxxxp47952-30r2020-06-25te. 3w2020-06-25yLFDSZPréstamo en sala 0010718PDaPDbPDcHDd2018-10-05iLF1l0oxxxx xxxxp47952-10r2020-06-25w2020-06-25yLFPDZNo se presta 0010718PDaPDbPDcHDd2018-10-05iLF1l0oxxxx xxxxp47952-20r2020-06-25te. 2w2020-06-25yLFPDZNo se presta c47440d47440